[Event "BCF-chT2 2223 (4NCL)"]
[Site "England"]
[Date "2023.01.14"]
[Round "3.18"]
[White "Pyun, Lindsay"]
[Black "Ahluwalia, Balvinder"]
[Result "1-0"]
[WhiteElo "1827"]
[BlackElo "1162"]
[PlyCount "39"]
[EventDate "2022.10.22"]
[EventType "team-tourn"]
[EventRounds "11"]
[EventCountry "ENG"]
[SourceTitle "EXT 2024"]
[Source "ChessBase"]
[SourceDate "2023.10.10"]
[SourceVersion "1"]
[SourceVersionDate "2023.10.10"]
[SourceQuality "1"]
[WhiteTeam "The Rookies"]
[BlackTeam "The ADS"]
[WhiteTeamCountry "ENG"]
[BlackTeamCountry "ENG"]

1. e4 e5 2. Nf3 Nc6 3. Bc4 Nf6 4. d3 Bb4+ 5. c3 Ba5 6. a4 a6 7. 0-0 0-0 8. Bg5 d6 9. Nbd2 Bg4 10. Re1 Bb6 11. Nf1 Na5 12. Ba2 Be6 13. Ng3 Bxa2 14. Rxa2 Qe7 15. Nh5 Qe6 16. Nxf6+ gxf6 17. Bh6 Rfe8 18. Nh4 Qxa2 19. Qg4+ Kh8 20. Qg7# 1-0